A est del blu

সংরক্ষণ করুন:
গ্রন্থ-পঞ্জীর বিবরন
প্রধান লেখক: Longoni, Angelo
অন্যান্য লেখক: Casini, Bruno, Cerasola, Christiano, Ghiglino, Damiano Dario, Colombo, Rosa Elena
বিন্যাস: গ্রন্থ
ভাষা:ইংরেজি
প্রকাশিত: Indipendente 2021
ট্যাগগুলো: ট্যাগ যুক্ত করুন
কোনো ট্যাগ নেই, প্রথমজন হিসাবে ট্যাগ করুন!

MARC

LEADER 00000nam a2200000 4500
005 20241009165401.0
008 241009b |||||||| |||| 00| 0 eng d
020 |a 9798475618035 
040 |c GP 
100 |a Longoni, Angelo 
245 |a A est del blu 
260 |b Indipendente  |c 2021 
700 |a Casini, Bruno 
700 |a Cerasola, Christiano 
700 |a Ghiglino, Damiano Dario 
700 |a Colombo, Rosa Elena 
942 |2 ddc  |c BK  |n 0 
952 |0 0  |1 0  |2 ddc  |4 0  |6 853_914000000000000_AUT  |7 1  |9 2079  |a RM  |b RM  |d 2024-10-09  |l 0  |o 853 914 AUT  |p 824  |r 2024-10-09 16:54:18  |w 2024-10-09  |y BK 
999 |c 1819  |d 1819